000 01068nas a2200289 4500
001 BR8100248
003 BR-BrBNA
005 20231205084454.0
007 ta
008 230509b bl.|||p| |||| 00| 00por d
040 _aBR-BrBNA
_bpor
_cBiblioteca Nacional de Agricultura
041 _a(Pt)
072 _aF25
100 1 _aStamford, N.P.
100 1 _aNeptune, A.M.L.
100 1 _aSilva, I.P.
245 1 _aEfeito de potassio em presenca de N - mineral, na nodulacao, crescimento e absorcao de nutrientes por Vigna unguiculata (L.)Walp [Feijao de corda]
246 1 _aEffect of potassium in the presence of mineral nitrogen on nodulation, growth and nutrient absorption by Vigna unguiculata (L.)Walp [Cow-pea]
650 _aFertilidade do solo
650 _aFeijao de corda
650 _aFertilizante potassico
650 _aAbsorcao
650 _aNutriente
773 0 _tRevista Brasileira de Ciencia do Solo (Brazil)
_xISSN 0100-0683
_g(May 1980), v. 4(2) p. 99-103
_wBR8100248
909 _a202311
_bLúcia
_c55
_dLúcia Elande
942 _2AGRIS
_n0
_cANA
999 _c105451
_d105451